| 000 | 00000nam##2200000za#4500 |
| 001 | 9.700166 |
| 003 | CaOODSP |
| 005 | 20210625000718 |
| 007 | cr ||||||||||| |
| 008 | 150407|1993||||xxc|||||o f|0| 0 eng|d |
| 040 | |aCaOODSP|beng |
| 043 | |an-cn--- |
| 086 | 1 |aEn108-3/1-62E-PDF |
| 110 | 1 |aCanada.|bCanadian Council of Ministers of the Environment. |
| 245 | 10|aGuidance manual on sampling, analysis, and data management for contaminated sites. Volume I : |h[electronic resource]|bmain report / |c[by] The National Contaminated Sites Remediation Program. |
| 260 | |aWinnipeg - Manitoba : |bCanadian Council of Ministers of the Environment |cDecember 1993. |
| 300 | |a89p.|bglossary, references, tables |
| 500 | |a[Digitized edition from print]. |
| 546 | |a(Résumés en français.) |
| 590 | |a14-22-Supp|b2014-12-24 |
| 690 | 07|aSoil pollution|2gcpds |
| 775 | 08|tGuide pour l'échantillonnage, l'analyse des échantillons et la gestion des données des lieux contaminés. Volume I : |w(CaOODSP)9.644071 |
| 856 | 40|ahttp://publications.gc.ca|qPDF|s5.74 MB|uhttps://publications.gc.ca/collections/collection_2014/ccme/En108-3-1-62-eng.pdf |